| 000 | 03047nam a2200337 a 4500 | ||
|---|---|---|---|
| 003 | OSt | ||
| 005 | 20250707105529.0 | ||
| 007 | cr ||||||a|a|a | ||
| 008 | 250623s2025 mx a|||fom||| 001 0 spa d | ||
| 040 | _erda | ||
| 100 | 1 |
_aGutiérrez Sánchez, Juan José _9190501 |
|
| 245 | 1 | 4 |
_aLas Stipeae de México: especies,Taxonomía actual y distribución/ _cpor Juan José Gutiérrez Sánchez; director de tesis José Guadalupe Martínez Martínez; secretario Adrián Raymundo Quero Carrillo; vocal Leonor Miranda Jiménez; suplente Jorge Luis Castrellón Montelongo; suplente Pedro Arturo Martínez Hernández. |
| 264 | 1 |
_aChapingo, México : _bEl autor, _c2024. |
|
| 300 |
_a1 recurso en línea (147 páginas): _bcuadros, figuras. |
||
| 336 |
_2rdacontent _atexto _btxt |
||
| 337 |
_2rdamedia _acomputadora _bc |
||
| 338 |
_2rdacarrier _arecurso en línea _bcr |
||
| 502 |
_bIAEZ _cZootecnía _d2024. _gLIC |
||
| 504 | _aIncluye referencias bibliográficas: páginas 144-147. | ||
| 520 | _aLa tribu Stipeae, perteneciente a la familia Poaceae, comprende para México un total de 10 géneros y 43 especies de gramíneas distribuidas en el territorio nacional. Con el objetivo de proporcionar una caracterización completa de la tribu Stipeae en México, incluyendo descripciones morfológicas de los géneros y especies presentes en el territorio nacional, se utilizaron métodos cualitativos de revisión bibliográfica y análisis de fuentes especializadas para reunir información sobre las características distintivas de estas gramíneas. Los resultados incluyen descripciones detalladas de la tribu Stipeae, destacando sus características morfológicas. Además, proporciona una propuesta de clave de identificación, descripciones detalladas de los géneros que se distribuyen en México, así mismo, se muestra un mapa con información de distribución para cada género; al igual que se proporcionan las descripciones y mapas, además de cinco propuestas de claves dicotómicas para las especies de los géneros Eriocoma, Nassella, Piptochaetium, Pseudoeriocoma y Hesperostipa, también, se agregan datos sobre diversidad de géneros y especies en cada estado de la república. Con este trabajo se pretende tener una visión de la distribución, así como de la taxonomía de la tribu, para detonar un posible valor forrajero y genético. | ||
| 650 | 4 |
_aGramíneas _xDistribución geográfica _zMéxico _9131283 |
|
| 650 | 4 |
_aGramíneas _xFisiología y morfología _9131284 |
|
| 650 | 4 |
_aGramíneas forrajeras _xValor nutritivo _9189292 |
|
| 700 | 1 |
_aMartínez Martínez, José Guadalupe _edirector de tesis. _9126817 |
|
| 700 | 1 |
_aQuero Carrillo, Adrián Raymundo _993187 _esecretario. |
|
| 700 | 1 |
_aMiranda Jiménez, Leonor _9190704 _evocal. |
|
| 700 | 1 |
_aCastrellón Montelongo, Jorge Luis _esuplente. _920309 |
|
| 700 | 1 |
_aMartínez Hernández, Pedro Arturo _esuplente. _972165 |
|
| 856 |
_uhttp://10.13.5.2/tesis/tl/1711072-6_GUTIERREZ_SANCHEZ_JUANJOSE.pdf _zDESCARGAR PDF |
||
| 942 |
_2Clasificación Universidad Autónoma Chapingo _cTD |
||
| 999 |
_c220668 _d220668 |
||